<?xml version="1.0" encoding="UTF-8"?>
<record
    xmlns:xsi="http://www.w3.org/2001/XMLSchema-instance"
    xsi:schemaLocation="http://www.loc.gov/MARC21/slim http://www.loc.gov/standards/marcxml/schema/MARC21slim.xsd"
    xmlns="http://www.loc.gov/MARC21/slim">

  <leader>00403nam a2200121   4500</leader>
  <controlfield tag="008">708 G914a</controlfield>
  <datafield tag="082" ind1=" " ind2=" ">
    <subfield code="a">708</subfield>
    <subfield code="b">G914a</subfield>
  </datafield>
  <datafield tag="100" ind1=" " ind2=" ">
    <subfield code="a">Guardiola, Pablo</subfield>
    <subfield code="9">6371</subfield>
  </datafield>
  <datafield tag="245" ind1=" " ind2=" ">
    <subfield code="a">Afuera, en el estacionamiento, soles, amores, palmeras</subfield>
  </datafield>
  <datafield tag="260" ind1=" " ind2=" ">
    <subfield code="a">Santurce, Puerto Rico</subfield>
    <subfield code="b">La impresora</subfield>
    <subfield code="c">2016</subfield>
  </datafield>
  <datafield tag="300" ind1=" " ind2=" ">
    <subfield code="a">58 p.</subfield>
    <subfield code="b">ill</subfield>
    <subfield code="c">27 x 21 cm</subfield>
  </datafield>
  <datafield tag="650" ind1=" " ind2=" ">
    <subfield code="x">arte contempor&#xE1;neo</subfield>
    <subfield code="x">fotograf&#xED;a</subfield>
    <subfield code="x">cat&#xE1;logo de exhibici&#xF3;n</subfield>
    <subfield code="x">Puerto Rico</subfield>
    <subfield code="9">6372</subfield>
  </datafield>
  <datafield tag="999" ind1=" " ind2=" ">
    <subfield code="c">1484</subfield>
    <subfield code="d">1484</subfield>
  </datafield>
  <datafield tag="952" ind1=" " ind2=" ">
    <subfield code="0">0</subfield>
    <subfield code="1">0</subfield>
    <subfield code="2">ddc</subfield>
    <subfield code="4">0</subfield>
    <subfield code="7">0</subfield>
    <subfield code="a">LV</subfield>
    <subfield code="b">LV</subfield>
    <subfield code="c">Gr&#xE1;fica</subfield>
    <subfield code="d">2018-06-07</subfield>
    <subfield code="l">0</subfield>
    <subfield code="o">708 G914a</subfield>
    <subfield code="r">2018-06-07 00:00:00</subfield>
    <subfield code="w">2018-06-07</subfield>
    <subfield code="y">01</subfield>
  </datafield>
</record>
